| 000 | 00460nam a2200145Ia 4500 | ||
|---|---|---|---|
| 008 | 231129s1999||||xx |||||||||||||| ||spa|| | ||
| 020 | _a968-13-3202-4 | ||
| 040 | _bspa | ||
| 082 | _a615.53 R813g | ||
| 100 | _aRosenfeld Isadore | ||
| 245 | 0 | _aGuía de la medicina alternativa del Dr. Rosenfeld: Lo que funciona lo que no y lo que es recomendable para usted | |
| 260 | _c1999 | ||
| 264 | _aDiana | ||
| 942 |
_2ddc _cBKS |
||
| 999 |
_c14741 _d14741 |
||